000
00307nam a22001337a 4500
008
210322b ||||| |||| 00| 0 eng d
041
_a
eng
080
_2
2nd
_a
615
082
_a
615
100
_a
5
101
_a
FAR
245
_a
Integrated Cardiopulmonary Pharmacology
_c
Colbert, B. J
942
_2
udc
_c
BK
999
_c
56661
_d
56661